[Event "Russia - China (Women)"]
[Site "Sochi RUS"]
[Date "2009.08.15"]
[EventDate "2009.08.15"]
[Round "1"]
[Result "1-0"]
[White "Shen Yang"]
[Black "Marina Romanko Nechaeva"]
[WhiteElo "2453"]
[BlackElo "2447"]
[PlyCount "113"]

1. d4 Nf6 2. c4 g6 3. Nc3 Bg7 4. Nf3 O-O 5. e4 d6 6. Be2 e5
7. O-O Nc6 8. d5 Ne7 9. b4 a5 10. Ba3 axb4 11. Bxb4 Nd7 12. a4
Bh6 13. Ne1 f5 14. Nd3 Nf6 15. c5 Nxe4 16. cxd6 cxd6 17. Nxe4
fxe4 18. Nb2 e3 19. f3 Rf4 20. Qb3 Nf5 21. Nc4 Nd4 22. Qb2
Nxe2+ 23. Qxe2 b6 24. g3 Rd4 25. Bc3 Rxc4 26. Qxc4 Ba6 27. Qg4
Bxf1 28. Kxf1 Qc7 29. Qb4 Rc8 30. Be1 Qd7 31. Kg1 Rc2 32. Qh4
Bf8 33. Qe4 Qc8 34. Qxe3 Qc4 35. Qxb6 Qxd5 36. a5 Qxf3 37. Bf2
Qc3 38. Rf1 d5 39. Qe6+ Kg7 40. Qxd5 Rxf2 41. Kxf2 Bc5+
42. Kg2 Qxa5 43. Qxe5+ Kh6 44. Kh3 Qa7 45. Qd5 Be3 46. Rf7 Qc5
47. Qxc5 Bxc5 48. Kg4 Bb4 49. Kf4 Bd2+ 50. Ke5 Be3 51. Ke6 Bg1
52. h4 g5 53. Rf6+ Kh5 54. Kf5 Be3 55. Re6 Bc5 56. hxg5 Bf8
57. Ke4 1-0

[Event "Russia - China (Women)"]
[Site "Sochi RUS"]
[Date "2009.08.16"]
[EventDate "2009.08.15"]
[Round "2"]
[Result "1-0"]
[White "Elena Tairova"]
[Black "Shen Yang"]
[WhiteElo "2450"]
[BlackElo "2453"]
[PlyCount "51"]

1. e4 e5 2. Nf3 Nc6 3. Bc4 Bc5 4. O-O Nf6 5. d4 Bxd4 6. Nxd4
Nxd4 7. f4 d6 8. fxe5 dxe5 9. Bg5 Be6 10. Na3 Qe7 11. c3 Bxc4
12. Bxf6 gxf6 13. Nxc4 Ne6 14. b4 Rd8 15. Qc2 Rg8 16. Kh1 Rg6
17. Ne3 c6 18. Rad1 Ng7 19. Qa4 a6 20. Nd5 Qf8 21. Nc7+ Ke7
22. Qa5 Ne6 23. Nxe6 Rxd1 24. Rxd1 Kxe6 25. Qc7 f5 26. Rd8 1-0

[Event "Russia - China (Women)"]
[Site "Sochi RUS"]
[Date "2009.08.17"]
[EventDate "2009.08.15"]
[Round "3"]
[Result "1/2-1/2"]
[White "Tatiana Kosintseva"]
[Black "Shen Yang"]
[WhiteElo "2539"]
[BlackElo "2453"]
[PlyCount "109"]

1. e4 e5 2. Nf3 Nc6 3. Bb5 Nf6 4. d3 Bc5 5. O-O d6 6. c3 O-O
7. Nbd2 Bb6 8. h3 Ne7 9. Nc4 Ng6 10. Nxb6 axb6 11. Re1 Bd7
12. Bc4 Ba4 13. Bb3 Bxb3 14. Qxb3 Re8 15. Bd2 h6 16. Rad1 Qd7
17. a3 Re6 18. c4 Rae8 19. a4 Qc8 20. Ra1 Nd7 21. Qc2 Rf6
22. Nh2 Nh4 23. Re3 Nc5 24. Qd1 Rg6 25. Rg3 Ne6 26. Rxg6 Nxg6
27. Ng4 Nd4 28. Bc3 Qe6 29. Ne3 c6 30. a5 bxa5 31. Rxa5 Nf4
32. Bxd4 exd4 33. Nf5 c5 34. Qf3 Qe5 35. Ra7 Rb8 36. h4 Kh7
37. g3 Ne6 38. h5 Nd8 39. Kg2 Nc6 40. Ra3 Nb4 41. Qf4 Rd8
42. Kf1 Qxf4 43. gxf4 g6 44. Ng3 Kg7 45. Ke2 Kf6 46. Ra1 Rb8
47. b3 b5 48. Kd2 bxc4 49. bxc4 Rb6 50. hxg6 fxg6 51. f5 Nc6
52. Kc2 Nb4+ 53. Kd2 Nc6 54. Kc2 Nb4+ 55. Kd2 1/2-1/2

[Event "Russia - China (Women)"]
[Site "Sochi RUS"]
[Date "2009.08.18"]
[EventDate "2009.08.15"]
[Round "4"]
[Result "1-0"]
[White "Shen Yang"]
[Black "Valentina Gunina"]
[WhiteElo "2453"]
[BlackElo "2437"]
[PlyCount "99"]

1. d4 d5 2. c4 c6 3. Nf3 Nf6 4. Nc3 dxc4 5. a4 e6 6. e3 c5
7. Bxc4 Nc6 8. O-O Be7 9. Qe2 cxd4 10. Rd1 O-O 11. Nxd4 Bd7
12. Nxc6 bxc6 13. b3 Qc7 14. Bb2 e5 15. Qc2 Kh8 16. Rac1 Rab8
17. Ne2 Bb4 18. h3 h6 19. Ng3 Rbd8 20. Bxf7 Bxh3 21. Rxd8 Rxd8
22. gxh3 Qxf7 23. Bxe5 Nd7 24. Rd1 Rf8 25. Bb2 Nc5 26. Rd4 a5
27. Rf4 Qe8 28. Rxf8+ Qxf8 29. Qg6 Qe7 30. h4 Ne6 31. Qxh6+
Kg8 32. Qg6 Qd7 33. Nh5 Qd1+ 34. Kg2 Qd5+ 35. e4 Qxh5
36. Qxe6+ Kh8 37. Qc8+ Kh7 38. Qf5+ Qxf5 39. exf5 Kg8 40. Kg3
Kf7 41. Kg4 Bd2 42. Bd4 Bb4 43. h5 Be1 44. f6 c5 45. Bxc5 Kxf6
46. Bd4+ Kf7 47. Kf5 Bb4 48. Ke4 Kg8 49. Be3 Kf7 50. Kd3 1-0

[Event "Russia - China (Women)"]
[Site "Sochi RUS"]
[Date "2009.08.19"]
[EventDate "2009.08.15"]
[Round "5"]
[Result "0-1"]
[White "Shen Yang"]
[Black "Nadezhda Kosintseva"]
[WhiteElo "2453"]
[BlackElo "2482"]
[PlyCount "80"]

1. d4 Nf6 2. c4 g6 3. Nc3 d5 4. cxd5 Nxd5 5. e4 Nxc3 6. bxc3
Bg7 7. Nf3 c5 8. Be3 Nc6 9. Rc1 cxd4 10. cxd4 O-O 11. Qd2 Bg4
12. d5 Bxf3 13. gxf3 Ne5 14. Be2 Qd7 15. f4 Ng4 16. Bd4 Nf6
17. Qd3 e6 18. d6 Qxd6 19. e5 Qb4+ 20. Kf1 Nd5 21. Rc4 Qa5
22. Qb3 Rac8 23. Be3 Rxc4 24. Bxc4 Nxe3+ 25. fxe3 Qd2 26. Be2
Rc8 27. Qxb7 Rc2 28. Qf3 Rxa2 29. Kf2 Bf8 30. Rb1 Rb2 31. Rxb2
Qxb2 32. Qc6 a5 33. Kf3 Qa1 34. Kf2 a4 35. Bc4 Qb2+ 36. Kf3
Qc2 37. Qa6 Kg7 38. h4 h5 39. Qb5 a3 40. Qb3 Qc1 0-1

[Event "Russia vs China (Women's Rapid)"]
[Site "Sochi RUS"]
[Date "2009.08.21"]
[EventDate "2009.08.21"]
[Round "1"]
[Result "1-0"]
[White "Marina Romanko Nechaeva"]
[Black "Shen Yang"]
[WhiteElo "2447"]
[BlackElo "2453"]
[PlyCount "87"]

1. d4 Nf6 2. c4 e6 3. Nc3 Bb4 4. Nf3 b6 5. Bg5 h6 6. Bh4 Bb7
7. Nd2 c5 8. d5 exd5 9. cxd5 Qe7 10. Qc2 d6 11. Bxf6 Qxf6
12. e4 O-O 13. Bd3 Nd7 14. O-O Ne5 15. Be2 Ng6 16. g3 Rfe8
17. a3 Bxc3 18. bxc3 Re7 19. Rfe1 Rae8 20. Bb5 Rc8 21. Bf1
Rce8 22. c4 h5 23. Rab1 h4 24. Bg2 Bc8 25. Qb2 hxg3 26. hxg3
Qxb2 27. Rxb2 f5 28. f4 Ba6 29. e5 dxe5 30. d6 Rf7 31. Bd5 e4
32. Nf1 Kf8 33. Bxf7 Kxf7 34. Ne3 Ke6 35. Rd2 Rd8 36. Red1 Rd7
37. Rd5 Bb7 38. Rxf5 Rxd6 39. Rxd6+ Kxd6 40. Rg5 Ne7 41. Rxg7
Bc8 42. g4 a6 43. f5 Nc6 44. Rg6+ 1-0

[Event "Russia vs China (Women's Rapid)"]
[Site "Sochi RUS"]
[Date "2009.08.21"]
[EventDate "2009.08.21"]
[Round "2"]
[Result "1-0"]
[White "Shen Yang"]
[Black "Elena Tairova"]
[WhiteElo "2453"]
[BlackElo "2450"]
[PlyCount "117"]

1. e4 e6 2. d4 d5 3. Nc3 Nf6 4. e5 Nfd7 5. f4 c5 6. Nf3 Nc6
7. Be3 cxd4 8. Nxd4 Bc5 9. Qd2 O-O 10. O-O-O a6 11. Kb1 Nxd4
12. Bxd4 b5 13. h4 b4 14. Na4 Bxd4 15. Qxd4 a5 16. h5 f6
17. Bb5 Qc7 18. exf6 Rxf6 19. g3 Rb8 20. Bd3 Bb7 21. h6 gxh6
22. Rde1 Rbf8 23. c3 bxc3 24. Nxc3 Qc5 25. Ne2 Qxd4 26. Nxd4
Nc5 27. Bc2 Ne4 28. Bxe4 dxe4 29. Nb3 Rc8 30. Nxa5 Ba6 31. b4
Rc3 32. Rhg1 Bd3+ 33. Kb2 Rc2+ 34. Kb3 e5 35. b5 Kf7 36. Nc6
Rfxc6 37. bxc6 Rxc6 38. a4 Rb6+ 39. Kc3 Ke6 40. Rh1 Rc6+
41. Kb4 Kf5 42. Rh5+ Kg4 43. Rxe5 Kxg3 44. f5 Kf4 45. Re6 Rc4+
46. Kb3 Kxf5 47. Rxh6 Rc7 48. a5 Ke5 49. a6 Ra7 50. Ra1 Kd4
51. Kb4 e3 52. Rh4+ Ke5 53. Ra5+ Kf6 54. Kc3 e2 55. Kd2 Rd7
56. Ke1 Rc7 57. Ra1 Kg5 58. Rd4 Rf7 59. Ra5+ 1-0

[Event "Russia vs China (Women's Rapid)"]
[Site "Sochi RUS"]
[Date "2009.08.21"]
[EventDate "2009.08.21"]
[Round "3"]
[Result "0-1"]
[White "Shen Yang"]
[Black "Tatiana Kosintseva"]
[WhiteElo "2453"]
[BlackElo "2539"]
[PlyCount "100"]

1. d4 Nf6 2. c4 e6 3. Nc3 Bb4 4. Qc2 d5 5. cxd5 exd5 6. Bg5 c5
7. dxc5 h6 8. Bh4 g5 9. Bg3 Ne4 10. Bxb8 Qf6 11. Bg3 Nxc3
12. a3 Bf5 13. Qd2 Ba5 14. e3 O-O-O 15. b4 d4 16. Qb2 dxe3
17. fxe3 Rhe8 18. Rc1 Rxe3+ 19. Ne2 Rde8 20. Rxc3 Rxc3
21. bxa5 Bg4 22. Bd6 Bxe2 23. Bxe2 Rxe2+ 24. Kxe2 Re3+
25. Kxe3 Qxb2 26. Rf1 Qxa3+ 27. Kf2 Qxa5 28. Kg1 Qa2 29. Re1
Qb3 30. h3 a5 31. Kh2 a4 32. Be5 Kd7 33. Bg7 Kc6 34. Bxh6 f6
35. Rf1 Qe6 36. Bg7 f5 37. Bd4 f4 38. Rb1 Qe2 39. Rb2 Qc4
40. Rb6+ Kd5 41. Bg7 Qxc5 42. Rxb7 a3 43. Rb1 Qc4 44. Kg1 a2
45. Rf1 Qb3 46. Ba1 Ke4 47. Re1+ Kd3 48. Rf1 Qb1 49. Kf2 Kd2
50. Bd4 Qd3 0-1

[Event "Russia vs China (Women's Rapid)"]
[Site "Sochi RUS"]
[Date "2009.08.21"]
[EventDate "2009.08.21"]
[Round "4"]
[Result "1-0"]
[White "Valentina Gunina"]
[Black "Shen Yang"]
[WhiteElo "2437"]
[BlackElo "2453"]
[PlyCount "57"]

1. d4 d5 2. c4 c6 3. Nf3 Nf6 4. e3 e6 5. Bd3 dxc4 6. Bxc4 c5
7. Qe2 a6 8. dxc5 Bxc5 9. O-O O-O 10. e4 Nc6 11. e5 Nd7
12. Bd3 g6 13. Bf4 Nd4 14. Nxd4 Bxd4 15. Nd2 f5 16. Nf3 Bc5
17. Bc4 Nb6 18. Rfd1 Qe8 19. Bh6 Rf7 20. Ng5 Rc7 21. Bb3 Rc6
22. Rd3 Bd7 23. Rad1 Qe7 24. h4 Be8 25. Rd6 Bxd6 26. Bxe6+ Kh8
27. exd6 Qf6 28. d7 Rxe6 29. Nxe6 1-0

[Event "Russia vs China (Women's Rapid)"]
[Site "Sochi RUS"]
[Date "2009.08.21"]
[EventDate "2009.08.21"]
[Round "5"]
[Result "1-0"]
[White "Nadezhda Kosintseva"]
[Black "Shen Yang"]
[WhiteElo "2482"]
[BlackElo "2453"]
[PlyCount "107"]

1. e4 e5 2. Nf3 Nc6 3. Bb5 Nf6 4. d3 Bc5 5. O-O d6 6. c3 O-O
7. Nbd2 Bb6 8. Nc4 Ne7 9. Ba4 Ng6 10. Bc2 h6 11. h3 Be6
12. Nxb6 axb6 13. d4 Qe7 14. Re1 Rfd8 15. a4 Bd7 16. b4 Ra6
17. Bd2 Rda8 18. c4 b5 19. cxb5 Bxb5 20. a5 Qe8 21. Rc1 Rc6
22. Bb3 Rxc1 23. Qxc1 Rc8 24. Bxh6 c5 25. bxc5 dxc5 26. dxe5
c4 27. Bc2 Nd7 28. Bf4 Ndxe5 29. Nxe5 Nxe5 30. Qe3 Nd3 31. Rb1
Ba6 32. Bg3 Qd8 33. Rb6 Qe7 34. e5 Rc5 35. e6 Rxa5 36. Kh2 Ra2
37. Bd1 Ra5 38. Bg4 f5 39. Bh5 f4 40. Bf7+ Kh8 41. Bxf4 Rd5
42. Qf3 Nxf4 43. Qxf4 c3 44. Rb3 Rd3 45. Qf5 Qd6+ 46. f4 Rd5
47. Qg4 Qe7 48. Rxc3 b5 49. f5 Qf6 50. Rf3 Re5 51. Qf4 Bb7
52. Rg3 Bc6 53. Rg5 Qh6 54. Qg4 1-0

[Event "Russia vs China (Women's Rapid)"]
[Site "Sochi RUS"]
[Date "2009.08.22"]
[EventDate "2009.08.21"]
[Round "6"]
[Result "0-1"]
[White "Shen Yang"]
[Black "Marina Romanko Nechaeva"]
[WhiteElo "2453"]
[BlackElo "2447"]
[PlyCount "104"]

1. e4 c5 2. Nf3 d6 3. d4 cxd4 4. Nxd4 Nf6 5. Nc3 a6 6. Be2 e5
7. Nb3 Be7 8. Bg5 Be6 9. Bxf6 Bxf6 10. Qd3 O-O 11. O-O-O Be7
12. h4 Nd7 13. Kb1 b5 14. h5 Nb6 15. g3 b4 16. Nd5 Nxd5
17. exd5 Bd7 18. f4 Bf6 19. Nd2 Bb5 20. Qf3 exf4 21. gxf4 Re8
22. Ne4 Bxe2 23. Qxe2 Bxb2 24. Kxb2 f5 25. Rd4 fxe4 26. Rxe4
Rxe4 27. Qxe4 h6 28. Re1 a5 29. Qd4 Qc7 30. Re6 a4 31. Qe3 Rf8
32. Rg6 Rc8 33. Qd3 a3+ 34. Kc1 Qe7 35. Kd1 Rc3 36. Qd4 Rf3
37. Rg1 Qf8 38. Rg4 Rh3 39. f5 Rxh5 40. f6 Rg5 41. Rf4 Qf7
42. c4 bxc3 43. Kc2 Rxd5 44. Qe4 Re5 45. Qa8+ Re8 46. Qxa3
Qg6+ 47. Kb3 Qb1+ 48. Kc4 Re4+ 49. Rxe4 Qxe4+ 50. Kxc3 Qe3+
51. Kb2 Qxa3+ 52. Kxa3 h5 0-1

[Event "Russia vs China (Women's Rapid)"]
[Site "Sochi RUS"]
[Date "2009.08.22"]
[EventDate "2009.08.21"]
[Round "7"]
[Result "0-1"]
[White "Elena Tairova"]
[Black "Shen Yang"]
[WhiteElo "2450"]
[BlackElo "2453"]
[PlyCount "100"]

1. e4 e5 2. Nf3 Nc6 3. Bc4 Bc5 4. c3 Nf6 5. d3 a6 6. Bb3 Ba7
7. h3 d6 8. Nbd2 h6 9. Nf1 d5 10. Qe2 d4 11. g4 Nd7 12. Bd5
dxc3 13. Bxc6 bxc6 14. bxc3 a5 15. Ba3 Ba6 16. Rd1 Qf6 17. Ng3
g6 18. O-O O-O-O 19. c4 h5 20. gxh5 Bc5 21. Bc1 Rdg8 22. Kh2
Nf8 23. Be3 Ne6 24. Bxc5 Nxc5 25. d4 exd4 26. Nxd4 gxh5
27. Ngf5 Re8 28. f3 Rhg8 29. Rg1 Rg6 30. Rb1 Nd7 31. Qd2 Bxc4
32. Qxa5 Qe5+ 33. Qxe5 Nxe5 34. Rg3 Bxa2 35. Ra1 Bc4 36. Ra5
Kd7 37. f4 Nd3 38. Ne3 Rxe4 39. Ndf5 Nxf4 40. Nxc4 Rxc4
41. Rxg6 fxg6 42. Ne3 Rc3 43. Nd1 Rxh3+ 44. Kg1 h4 45. Nf2
Rg3+ 46. Kf1 h3 47. Ra4 g5 48. Ne4 Rg2 49. Nf2 h2 50. Rxf4
Rxf2+ 0-1

[Event "Russia vs China (Women's Rapid)"]
[Site "Sochi RUS"]
[Date "2009.08.22"]
[EventDate "2009.08.21"]
[Round "8"]
[Result "1-0"]
[White "Tatiana Kosintseva"]
[Black "Shen Yang"]
[WhiteElo "2539"]
[BlackElo "2453"]
[PlyCount "109"]

1. e4 e5 2. Nf3 Nc6 3. Bb5 a6 4. Ba4 Nf6 5. O-O b5 6. Bb3 Be7
7. Re1 O-O 8. h3 Bb7 9. d3 d6 10. a3 h6 11. Nbd2 Re8 12. Nf1
Bf8 13. Ne3 Ne7 14. Nh2 d5 15. Nhg4 Nxg4 16. Nxg4 Qd6 17. Qf3
c5 18. exd5 Bxd5 19. Bxd5 Nxd5 20. Bxh6 f5 21. Ne3 e4 22. dxe4
fxe4 23. Qd1 Nb6 24. Qxd6 Bxd6 25. Bxg7 Re6 26. Rad1 Rae8
27. Nf5 Bc7 28. Bc3 Rf8 29. g4 Na4 30. Rd7 Rf7 31. Red1 Nxc3
32. Rxf7 Kxf7 33. Rd7+ Kf6 34. Rxc7 Nd1 35. b3 c4 36. bxc4 e3
37. fxe3 Nxe3 38. cxb5 axb5 39. Rc5 Nc4 40. Rxb5 Nxa3 41. Rc5
Re2 42. Nd4 Rd2 43. c3 Nb1 44. Rf5+ Kg6 45. Rf3 Nxc3 46. Rxc3
Rxd4 47. Kg2 Rd1 48. Kg3 Rd2 49. Kh4 Rd6 50. Rc5 Ra6 51. Rc4
Rb6 52. g5 Rb8 53. Rc6+ Kf5 54. Rf6+ Ke5 55. Rf1 1-0

[Event "Russia vs China (Women's Rapid)"]
[Site "Sochi RUS"]
[Date "2009.08.22"]
[EventDate "2009.08.21"]
[Round "9"]
[Result "0-1"]
[White "Shen Yang"]
[Black "Valentina Gunina"]
[WhiteElo "2453"]
[BlackElo "2437"]
[PlyCount "96"]

1. e4 c5 2. Nf3 Nc6 3. d4 cxd4 4. Nxd4 Nf6 5. Nc3 d6 6. Bg5 e6
7. Qd2 Be7 8. O-O-O a6 9. f4 Bd7 10. Nf3 h6 11. Bh4 Qc7 12. h3
O-O-O 13. Kb1 Kb8 14. Bf2 Bc8 15. Qe1 d5 16. exd5 exd5 17. Bd3
Rhe8 18. Qg1 Qxf4 19. Ne2 Qa4 20. Nc3 Qf4 21. Ne2 Qa4 22. Bb6
Rd7 23. Nfd4 Nxd4 24. Nxd4 Ne4 25. c3 Rd6 26. Nb3 Qd7 27. Bd4
Ka8 28. Be5 Re6 29. Bh2 Qa4 30. Bc2 Qc4 31. Rd4 Qc6 32. Na5
Qb5 33. Nb3 Bf6 34. Rb4 Qc6 35. Nd4 Nxc3+ 36. Ka1 Bxd4 37. Qc1
Ne2 38. Qd2 Bc5 39. Rh4 Nd4 40. Bb1 Re2 41. Qc3 Nb5 42. Qg3
Bd6 43. Qd3 Bxh2 44. Rxh2 Re1 45. a4 Nd6 46. g4 Qxa4+ 47. Qa3
Qxa3+ 48. bxa3 Nc4 0-1

[Event "Russia vs China (Women's Rapid)"]
[Site "Sochi RUS"]
[Date "2009.08.22"]
[EventDate "2009.08.21"]
[Round "10"]
[Result "1/2-1/2"]
[White "Shen Yang"]
[Black "Nadezhda Kosintseva"]
[WhiteElo "2453"]
[BlackElo "2482"]
[PlyCount "115"]

1. d4 Nf6 2. c4 e6 3. Nc3 Bb4 4. e3 O-O 5. Bd3 d5 6. Nge2 c5
7. a3 cxd4 8. axb4 dxc3 9. bxc3 dxc4 10. Bxc4 Qc7 11. Qb3 Nbd7
12. Ng3 Nb6 13. Bd3 e5 14. Ra5 Be6 15. Qc2 Rac8 16. Ne2 Nbd5
17. Rc5 Qd6 18. e4 Nb6 19. Be3 Nfd7 20. Rxc8 Rxc8 21. O-O Nc4
22. Bxc4 Rxc4 23. Qb1 Rc8 24. Rc1 a6 25. Ng3 b5 26. Nf5 Bxf5
27. exf5 Nf6 28. Bc5 Qd2 29. h3 h6 30. c4 bxc4 31. Rxc4 Qd5
32. Rc1 a5 33. Qa1 axb4 34. Bxb4 Rxc1+ 35. Qxc1 Qe4 36. Qc8+
Kh7 37. Bc5 Nd5 38. Qb7 Qc4 39. Be3 Nf6 40. Qe7 Qd5 41. Kh2
Ne4 42. Qh4 Qc6 43. Qh5 Qd7 44. f6 Nxf6 45. Qxe5 Qd5 46. Qe7
Qd7 47. Qe5 Qd5 48. Qc7 Qd7 49. Qc2+ Kg8 50. g3 Nd5 51. Bd4
Nc7 52. Qe4 Ne6 53. Be3 Qc8 54. h4 Qd7 55. Qc4 Nc7 56. Qe4 Ne6
57. Qc4 Nc7 58. Qe4 1/2-1/2

[Event "Russia vs China (Women's Blitz)"]
[Site "Sochi RUS"]
[Date "2009.08.23"]
[EventDate "2009.08.23"]
[Round "1"]
[Result "1/2-1/2"]
[White "Shen Yang"]
[Black "Marina Romanko Nechaeva"]
[WhiteElo "2453"]
[BlackElo "2447"]
[PlyCount "117"]

1. e4 c5 2. Nf3 d6 3. d4 cxd4 4. Nxd4 Nf6 5. Nc3 a6 6. Be2 e5
7. Nb3 Be7 8. Be3 Be6 9. O-O O-O 10. Qd2 Nbd7 11. a4 Qc7
12. Rfd1 Rfd8 13. Bf3 b6 14. Rac1 Nc5 15. Nxc5 dxc5 16. Qe2
Rxd1+ 17. Rxd1 Rd8 18. Rxd8+ Bxd8 19. Qxa6 Bc8 20. Qd3 Bb7
21. h3 h6 22. Nd5 Nxd5 23. exd5 Qd7 24. b3 f5 25. d6 e4
26. Qc4+ Kh7 27. Be2 Qxd6 28. Qf7 Qd5 29. Qf8 Bf6 30. c4 Qd8
31. Qf7 Qe7 32. Qxe7 Bxe7 33. Bf4 Bd8 34. Bd6 g5 35. Bh5 Kg7
36. Kf1 f4 37. Bg4 Kg6 38. a5 bxa5 39. Bxc5 Bc6 40. Be6 Kf6
41. Bc8 Ke5 42. Ke2 e3 43. fxe3 Bxg2 44. Bd4+ Kd6 45. exf4
gxf4 46. c5+ Kc6 47. Bg4 Be7 48. Be5 Kxc5 49. Bxf4 Bg5 50. Bc7
Kb4 51. Be6 Be4 52. Kf2 Kb5 53. Kg3 Bc2 54. h4 Bd2 55. Bf4 Bb4
56. Kg4 Bf8 57. Bd2 Kb6 58. Bc4 a4 59. Kh5 1/2-1/2

[Event "Russia vs China (Women's Blitz)"]
[Site "Sochi RUS"]
[Date "2009.08.23"]
[EventDate "2009.08.23"]
[Round "2"]
[Result "1/2-1/2"]
[White "Elena Tairova"]
[Black "Shen Yang"]
[WhiteElo "2450"]
[BlackElo "2453"]
[PlyCount "89"]

1. e4 e5 2. f4 exf4 3. Nf3 Ne7 4. d4 d5 5. Nc3 dxe4 6. Nxe4
Nd5 7. Bd3 Be7 8. O-O Bg4 9. h3 Bh5 10. Qe2 O-O 11. c4 Nb4
12. Bxf4 Bxf3 13. Rxf3 Qxd4+ 14. Kh1 Nxd3 15. Rxd3 Qxc4
16. Rc1 Qa6 17. Rxc7 Nc6 18. Nc3 Rfe8 19. Qd2 Bb4 20. Rdd7
Bxc3 21. bxc3 Qf1+ 22. Kh2 Re2 23. Qxe2 Qxe2 24. Rxf7 Qe4
25. Rxg7+ Kh8 26. Rgf7 Rg8 27. Bg3 Qg6 28. Rf3 h5 29. h4 Re8
30. Rxb7 Ne7 31. Be5+ Kh7 32. Bd4 Qd6+ 33. Kg1 Kg6 34. Rxa7
Nf5 35. Bf2 Re2 36. Rb7 Qd1+ 37. Kh2 Rxf2 38. Rxf2 Nxh4
39. Rb6+ Kg7 40. Rb7+ Kh6 41. Rb6+ Kg5 42. Rb5+ Kg4 43. Rb4+
Kg5 44. Rb5+ Kg6 45. Rb6+ 1/2-1/2

[Event "Russia vs China (Women's Blitz)"]
[Site "Sochi RUS"]
[Date "2009.08.23"]
[EventDate "2009.08.23"]
[Round "3"]
[Result "1-0"]
[White "Tatiana Kosintseva"]
[Black "Shen Yang"]
[WhiteElo "2539"]
[BlackElo "2453"]
[PlyCount "79"]

1. e4 e5 2. Nf3 Nc6 3. Bb5 Nf6 4. d3 Bc5 5. O-O d6 6. c3 Bd7
7. Nbd2 O-O 8. Ba4 a6 9. Bc2 Ba7 10. h3 Ne7 11. Re1 Ng6
12. Nf1 h6 13. Ng3 Re8 14. d4 c5 15. Be3 Rc8 16. dxe5 dxe5
17. Qe2 b5 18. Rad1 Qc7 19. Nf5 Bxf5 20. exf5 Nf4 21. Qf1 N4d5
22. c4 Nxe3 23. Rxe3 e4 24. Nd2 Bb8 25. g3 Qc6 26. Qe2 Rcd8
27. Re1 Rd4 28. Nxe4 Nxe4 29. Rxe4 Rexe4 30. Bxe4 Qd7 31. Bd5
Kf8 32. b3 Bd6 33. Kg2 Qe7 34. Qh5 Qf6 35. Re2 bxc4 36. bxc4
Rd3 37. Qg4 Qd4 38. Re4 Qf6 39. Qe2 Be7 40. Qxd3 1-0

[Event "Russia vs China (Women's Blitz)"]
[Site "Sochi RUS"]
[Date "2009.08.23"]
[EventDate "2009.08.23"]
[Round "4"]
[Result "0-1"]
[White "Shen Yang"]
[Black "Valentina Gunina"]
[WhiteElo "2453"]
[BlackElo "2437"]
[PlyCount "62"]

1. e4 e6 2. d4 d5 3. Nd2 Nf6 4. e5 Nfd7 5. Bd3 c5 6. c3 Nc6
7. Ne2 Qb6 8. Nf3 Be7 9. O-O h6 10. a3 a5 11. b3 Qc7 12. Ng3
b6 13. Nh5 g6 14. Nf4 Ba6 15. Bxa6 Rxa6 16. Qd3 Ra8 17. Bb2 b5
18. dxc5 Nxc5 19. Qxb5 Rb8 20. Qe2 Rxb3 21. Nd4 Nxd4 22. cxd4
Na4 23. Rac1 Qb7 24. Ba1 Kf8 25. Rc2 Kg7 26. Qg4 h5 27. Nxd5
exd5 28. Qxg6+ fxg6 29. g3 Rb1 30. f4 Rb8 31. Re1 Rxe1+ 0-1

[Event "Russia vs China (Women's Blitz)"]
[Site "Sochi RUS"]
[Date "2009.08.23"]
[EventDate "2009.08.23"]
[Round "5"]
[Result "1-0"]
[White "Shen Yang"]
[Black "Nadezhda Kosintseva"]
[WhiteElo "2453"]
[BlackElo "2482"]
[PlyCount "77"]

1. d4 Nf6 2. c4 e6 3. Nc3 Bb4 4. e3 O-O 5. Bd3 d5 6. Nge2 c5
7. a3 cxd4 8. axb4 dxc3 9. Nxc3 dxc4 10. Bxc4 Qxd1+ 11. Kxd1
Nbd7 12. Ke2 Nb6 13. Bb3 Bd7 14. e4 Bc6 15. f3 a6 16. Be3 Nbd7
17. Rhd1 Ne5 18. Bc5 Rfc8 19. Bd6 h5 20. Ke3 Re8 21. Ra5 Nc4+
22. Bxc4 Rac8 23. Be2 h4 24. b5 axb5 25. Nxb5 Bxb5 26. Rxb5
Nd7 27. Rxb7 Ne5 28. Ra1 Ng6 29. Bc4 Rxc4 30. Raa7 Nh8 31. Rc7
Rxc7 32. Rxc7 f6 33. b4 Nf7 34. Bc5 Rb8 35. f4 f5 36. e5 g5
37. g3 gxf4+ 38. gxf4 h3 39. Kf3 1-0

[Event "Russia vs China (Women's Blitz)"]
[Site "Sochi RUS"]
[Date "2009.08.23"]
[EventDate "2009.08.23"]
[Round "6"]
[Result "1/2-1/2"]
[White "Marina Romanko Nechaeva"]
[Black "Shen Yang"]
[WhiteElo "2447"]
[BlackElo "2453"]
[PlyCount "37"]

1. d4 e6 2. c4 b6 3. Nc3 Bb7 4. e4 Bb4 5. f3 f5 6. e5 Ne7
7. Nge2 c5 8. a3 Ba5 9. Be3 cxd4 10. Bxd4 Bxc3+ 11. Bxc3 O-O
12. Nd4 a6 13. Be2 Ng6 14. O-O Nxe5 15. Nxf5 exf5 16. Bxe5 Nc6
17. Bd6 Rf7 18. b4 Qf6 19. c5 1/2-1/2

[Event "Russia vs China (Women's Blitz)"]
[Site "Sochi RUS"]
[Date "2009.08.23"]
[EventDate "2009.08.23"]
[Round "7"]
[Result "1-0"]
[White "Shen Yang"]
[Black "Elena Tairova"]
[WhiteElo "2453"]
[BlackElo "2450"]
[PlyCount "91"]

1. d4 d5 2. c4 c6 3. Nf3 Nf6 4. Nc3 a6 5. c5 Nbd7 6. Bf4 Nh5
7. Bd2 Nhf6 8. g3 g6 9. Bg2 Bg7 10. O-O O-O 11. Qc2 Nh5 12. e4
dxe4 13. Nxe4 Nhf6 14. Nc3 Re8 15. Rfe1 Nd5 16. Nxd5 cxd5
17. b4 Nf6 18. Qb3 Ne4 19. Be3 e6 20. a4 b6 21. Rac1 bxc5
22. dxc5 e5 23. Nd2 Nxd2 24. Bxd2 Be6 25. b5 axb5 26. axb5 e4
27. Qb4 Ra2 28. b6 Be5 29. c6 Rb2 30. c7 Qf6 31. Qa5 Bd4
32. Rf1 Rxb6 33. Be3 Rb2 34. Qa4 Qe7 35. Bxd4 Rb4 36. Qa1 Rc4
37. Be5 f5 38. Rb1 Rc8 39. Rb8 Qd7 40. Rxc8+ Qxc8 41. Rb1 Qe8
42. Rb8 Bc8 43. Bf1 Rc2 44. Qd4 Qd7 45. Rxc8+ Qxc8 46. Qxd5+
1-0

[Event "Russia vs China (Women's Blitz)"]
[Site "Sochi RUS"]
[Date "2009.08.23"]
[EventDate "2009.08.23"]
[Round "8"]
[Result "0-1"]
[White "Shen Yang"]
[Black "Tatiana Kosintseva"]
[WhiteElo "2453"]
[BlackElo "2539"]
[PlyCount "71"]

1. d4 Nf6 2. c4 e6 3. Nc3 Bb4 4. e3 d5 5. a3 Bxc3+ 6. bxc3 O-O
7. cxd5 exd5 8. Bd3 c5 9. Ne2 Nc6 10. O-O b6 11. f3 Re8
12. Ng3 h6 13. Ra2 Bb7 14. Re2 Na5 15. Bb2 Rc8 16. e4 cxd4
17. cxd4 dxe4 18. fxe4 Nc4 19. Ba1 b5 20. Kh1 Ng4 21. Qe1 Nge5
22. Bb1 Ng6 23. Qf2 Rc7 24. Ba2 Kh7 25. Qf5 a6 26. e5 Qd5
27. Bb1 Nxa3 28. Be4 Qe6 29. Qh5 Bxe4 30. Nxe4 Kg8 31. Nd6 Rf8
32. Qf3 Nc4 33. d5 Qd7 34. Nf5 Rc5 35. Rd1 Re8 36. Qg3 0-1

[Event "Russia vs China (Women's Blitz)"]
[Site "Sochi RUS"]
[Date "2009.08.23"]
[EventDate "2009.08.23"]
[Round "9"]
[Result "1-0"]
[White "Valentina Gunina"]
[Black "Shen Yang"]
[WhiteElo "2437"]
[BlackElo "2453"]
[PlyCount "71"]

1. d4 Nf6 2. c4 e6 3. Nf3 b6 4. g3 Ba6 5. b3 d5 6. Bg2 Bb4+
7. Bd2 Bd6 8. O-O O-O 9. Bc3 Nbd7 10. Nbd2 Rc8 11. Rc1 c5
12. Bb2 Qe7 13. cxd5 exd5 14. Re1 Rfe8 15. e3 Bb8 16. Nh4 Qe6
17. e4 cxd4 18. Rxc8 Bxc8 19. Bxd4 Bb7 20. e5 Ne4 21. Nxe4
dxe4 22. Bxe4 Bxe4 23. Rxe4 Qd5 24. Qc2 Nxe5 25. Bxe5 Bxe5
26. Nf3 f6 27. Kg2 Rd8 28. Ra4 g5 29. Qf5 Rd7 30. h4 h6
31. Qg6+ Rg7 32. Qe8+ Kh7 33. hxg5 hxg5 34. g4 Bf4 35. Re4 Qd7
36. Qh5+ 1-0

[Event "Russia vs China (Women's Blitz)"]
[Site "Sochi RUS"]
[Date "2009.08.23"]
[EventDate "2009.08.23"]
[Round "10"]
[Result "1-0"]
[White "Nadezhda Kosintseva"]
[Black "Shen Yang"]
[WhiteElo "2482"]
[BlackElo "2453"]
[PlyCount "63"]

1. e4 e5 2. Nf3 Nc6 3. Nc3 Nf6 4. g3 d5 5. exd5 Nxd5 6. Bg2
Nde7 7. O-O Ng6 8. d3 Be7 9. b3 O-O 10. Bb2 Be6 11. Re1 Qd7
12. Ne4 Rad8 13. Qd2 h6 14. Rad1 Bg4 15. Qe3 Nd4 16. Rc1 Nxf3+
17. Bxf3 Bxf3 18. Qxf3 f5 19. Nd2 Bb4 20. Red1 c6 21. Nc4 Rde8
22. a3 Bc5 23. b4 Bb6 24. Nxb6 axb6 25. c4 Qe6 26. Re1 e4
27. Qg2 Rf7 28. Re3 Rfe7 29. Rce1 Qf7 30. dxe4 fxe4 31. Rxe4
Qxc4 32. Rxc4 1-0